[Event "Nova Gorica op"]
[Site "Nova Gorica"]
[Date "1999.01.31"]
[Round "4"]
[White "Fercec, Nenad"]
[Black "Laco, Giuseppe"]
[Result "1/2-1/2"]
[WhiteElo "2495"]
[BlackElo "2215"]

1.e4 c5 2.Nf3 e6 3.d4 cxd4 4.Nxd4 a6 5.Bd3 d5 6.exd5 Qxd5 7.O-O Nc6 8.Nxc6 Qxc6
9.Nc3 Nf6 10.Bg5 Be7 11.Qe2 Bd7 12.Rad1 h6 13.Bf4 Rc8 14.Be5 h5 15.h3 Qc5
16.a3 b5 17.b4 Qb6 18.Ne4 Kf8 19.Rfe1 Nd5 20.Qf3 Be8 21.c3 Kg8 22.Bb1 f6
23.Bd4 Qc6 24.Bc5 h4 25.Rxd5 exd5 26.Bxe7 dxe4 27.Bxe4 Qxc3 28.Bd5+ Bf7 29.Bxf7+ Kxf7
30.Qd5+ Kg6 31.Qe4+ Kf7 32.Qe6+ Kg6 33.Qe4+  1/2-1/2

[Event "HUN-ch"]
[Site "Lillafured"]
[Date "1999.02.03"]
[Round "3"]
[White "Acs, Peter"]
[Black "Sax, Gyula"]
[Result "1/2-1/2"]
[WhiteElo "2521"]
[BlackElo "2524"]

1.e4 c5 2.Nf3 e6 3.d4 cxd4 4.Nxd4 a6 5.Bd3 Bc5 6.Nb3 Ba7 7.Nc3 Nc6 8.Qe2 d6
9.Be3 Nf6 10.O-O b5 11.a4 b4 12.Nd1 O-O 13.Bxa7 Rxa7 14.Ne3 Na5 15.Nxa5 Qxa5
16.Nc4 Qc5 17.Nxd6 Qxd6 18.e5 Qd4 19.exf6 Qxf6 20.Qe4 g6 21.Qxb4 Rb7 22.Qc3 Qxc3
23.bxc3 a5 24.Rfb1 Rc7 25.Rb5 Ba6 26.Rxa5 Bxd3 27.cxd3 Rxc3 28.Rb5 Rxd3 29.a5 Ra8
30.h4 Ra6 31.Ra4 Kg7 32.Rb7 Rd1+ 33.Kh2 e5 34.Rb5 Kf6 35.Rab4 Ra7 36.Re4 Re7
37.f4 Ra1 38.fxe5+ Kg7 39.Rd4 Ra7 40.Rdd5 Ra4 41.g3 Ra2+ 42.Kh3  1/2-1/2

[Event "Vijnce Toth mem"]
[Site "Rio de Janeiro"]
[Date "1999.02.05"]
[Round "6"]
[White "Fernandes, Jose Costa Jr"]
[Black "Galego, Luis"]
[Result "1/2-1/2"]
[WhiteElo "2310"]
[BlackElo "2395"]

1.e4 c5 2.Nf3 e6 3.d4 cxd4 4.Nxd4 a6 5.Bd3 Qc7 6.Qe2 d6 7.c4 Nf6 8.O-O Be7
9.Nc3 O-O 10.Be3 Nbd7 11.f4 b6 12.Rac1 Bb7 13.Nb3 Rac8 14.Kh1 Qb8 15.Bf2 Rfe8
16.Bg3 e5 17.f5 Bc6 18.Nd5 Bd8 19.Rfd1 Qb7 20.c5 Bxd5 21.Bxa6 Bxb3 22.Bxb7 Bxd1
23.Rxd1 Rxc5 24.Rxd6 Be7 25.Rd1 Rb8 26.Bd5 Rbc8 27.h3 g6 28.fxg6 hxg6 29.Qf3 Nxd5
30.Rxd5 Rxd5 31.exd5 Rc1+ 32.Kh2 Bc5 33.Bf2 e4 34.Qg3 Bf8 35.Qe3 Rc2 36.Bg3 Rxb2
37.Qxe4 Rxa2 38.d6 Rd2 39.Qc6 Nc5 40.Bf4 Rd4 41.Be5 Rd3 42.Qc8 f6 43.Bxf6 Kf7
44.Be5 Bxd6 45.Bxd6 Rxd6 46.Qc7+  1/2-1/2

[Event "Goodricke 10th op"]
[Site "Calcutta"]
[Date "1999.02.06"]
[Round "1"]
[White "Das, Arghyadip"]
[Black "Laxman, RR."]
[Result "1/2-1/2"]
[WhiteElo "2170"]
[BlackElo "2265"]

1.e4 c5 2.Nf3 e6 3.d4 cxd4 4.Nxd4 a6 5.Bd3 Nc6 6.Nb3 d6 7.O-O g6 8.c4 Bg7
9.Nc3 Nf6 10.Be3 b6 11.Rc1 O-O 12.f3 Nd7 13.Qd2 Nc5 14.Be2 Qc7 15.Rfd1 Rd8
16.Nd4 Bb7 17.Nc2 Bxc3 18.Qxc3 e5 19.Rd2 f5 20.b4 Ne6 21.Qb3 f4 22.Bf2 Kg7
23.Rcd1 Ng5 24.Qb2 Nf7 25.Na3 Ne7 26.Rc1 Rac8 27.Rdc2 g5 28.Nb1 g4 29.Nc3 gxf3
30.Bxf3 Rg8 31.Bg4 Qxc4 32.Bxc8 Nxc8 33.Qb3 Qxb3 34.axb3 Ng5 35.Nd5 Bxd5
36.exd5 Ne7 37.Bh4 Kf6 38.Rd1 h6 39.Rc7 Nf5 40.Bxg5+ hxg5 41.Rb7 b5 42.Rb6 e4
43.g4 fxg3 44.hxg3 Ke5 45.Ra1 Rg6 46.Raxa6 Nd4 47.Ra8 Kxd5 48.Re8 g4 49.Kg2 Rf6
50.Rb7 Nc2 51.Rbe7 Ne1+ 52.Kh1 Rh6+ 53.Kg1 Nf3+ 54.Kf2 Rf6 55.Ke3 Nd4 56.Rxe4 Rf3+
57.Kd2 Rxg3 58.Re3 Rg2+ 59.Kd1 Rb2 60.Rd3 Rb1+ 61.Kd2 Rxb3 62.Rxb3 Nxb3+
63.Ke3 g3 64.Kf3 Kc4 65.Re4+ Kc3 66.Kxg3 Nd2 67.Rh4 Nc4 68.Kf3 Kxb4 69.Ke4 Nb6
70.Kd4 Nc4 71.Kd5  1/2-1/2

[Event "HUN-ch"]
[Site "Lillafured"]
[Date "1999.02.08"]
[Round "8"]
[White "Acs, Peter"]
[Black "Farago, Ivan"]
[Result "1-0"]
[WhiteElo "2521"]
[BlackElo "2533"]

1.e4 c5 2.Nf3 e6 3.d4 cxd4 4.Nxd4 a6 5.Bd3 Nf6 6.O-O d6 7.c4 Bd7 8.Nc3 Nc6
9.Be3 Ne5 10.Be2 Be7 11.f4 Ng6 12.Kh1 O-O 13.Qe1 Rc8 14.Rd1 Kh8 15.b3 Qa5
16.a4 e5 17.fxe5 dxe5 18.Nf5 Bb4 19.Bd2 Bxf5 20.Rxf5 Rcd8 21.Nd5 Bxd2 22.Rxd2 Nxd5
23.exd5 f6 24.Rf1 e4 25.Rd4 Qxe1 26.Rxe1 Rfe8 27.Bh5 e3 28.Rd3 e2 29.Bxg6 hxg6
30.Kg1 b5 31.d6 bxc4 32.bxc4 Re5 33.Kf2 Rc5 34.Rc1 Re8 35.Re1 Re4 36.d7  1-0

[Event "RUS-Cup03 (Geller mem)"]
[Site "Moscow"]
[Date "1999.02.10"]
[Round "1"]
[White "Evelev, Vladimir M"]
[Black "Tosic, Miroslav"]
[Result "0-1"]
[WhiteElo "2327"]
[BlackElo "2517"]

1.e4 c5 2.Nf3 e6 3.d4 cxd4 4.Nxd4 a6 5.Bd3 d6 6.O-O Nd7 7.c4 Ngf6 8.Nc3 Be7
9.Be3 O-O 10.Rc1 Re8 11.f3 Bf8 12.Qd2 b6 13.b3 Bb7 14.Kh1 Rc8 15.Rfd1 Qc7
16.Qf2 Qb8 17.Bf1 Ba8 18.Qd2 h6 19.Rc2 Be7 20.Rcc1 Nf8 21.Qf2 Ng6 22.Qd2 Bd8
23.Rc2 Bc7 24.Bg1 Red8 25.Qc1 Bb7 26.Qb2 d5 27.exd5 exd5 28.cxd5 Nxd5 29.Nf5 Be5
30.Bd4 Ne3 31.Nxe3 Bxd4 32.Ng4 Nh4 33.Rd3 h5 34.Nf2 Re8 35.Rd1 Bxc3  0-1

[Event "BL2-N9899"]
[Site "Germany"]
[Date "1999.02.21"]
[Round "6.3"]
[White "Stanke, Juergen"]
[Black "Pieniazek, Artur"]
[Result "1/2-1/2"]
[WhiteElo "2315"]
[BlackElo "2400"]

1.e4 c5 2.Nf3 e6 3.d4 cxd4 4.Nxd4 a6 5.Bd3 Qb6 6.c3 Bc5 7.O-O Bxd4 8.cxd4 Qxd4
9.Nc3 Nc6 10.Be3 Qd6 11.Qe2 Nge7 12.Rad1 Qc7 13.f4 d6 14.Qg4 O-O 15.f5 Ne5
16.Qg3 Kh8 17.f6 gxf6 18.Qh4 Ng8 19.Rxf6 Ng6 20.Qf2 Nxf6 21.Qxf6+ Kg8 22.Nd5 Qd8
23.Bh6 Qxf6 24.Nxf6+ Kh8 25.e5 Rd8 26.Bxg6 fxg6 27.Rxd6 Rxd6 28.exd6 b5 29.d7 Bb7
30.Bd2 Kg7 31.Ne8+ Kf7 32.Nd6+ Ke7 33.Nxb7 Kxd7 34.Nc5+ Kd6 35.Nd3 Rc8 36.Bc3 g5
37.Kf2 Rf8+ 38.Ke2 Rf5 39.a3 h5 40.h3 g4 41.hxg4 hxg4 42.Nf2 Rf4 43.Ke3 Rc4
44.Ne4+ Kd5 45.Nd2 Rc8 46.Kf4 e5+ 47.Kxg4 e4 48.Kf4 Rf8+ 49.Ke3 Rg8 50.Kf2 Rf8+
51.Ke2  1/2-1/2

[Event "Portuguese Masters"]
[Site "Caldas de Felgueira"]
[Date "1999.02.22"]
[Round "3"]
[White "Cordovil, Joao"]
[Black "Galego, Luis"]
[Result "0-1"]
[WhiteElo "2214"]
[BlackElo "2407"]

1.e4 c5 2.Nf3 e6 3.d4 cxd4 4.Nxd4 a6 5.Bd3 Nf6 6.O-O d6 7.b3 Be7 8.Bb2 O-O
9.Nd2 e5 10.Nf5 Bxf5 11.exf5 Nc6 12.c4 d5 13.cxd5 Qxd5 14.Nc4 e4 15.Bc2 Qxf5
16.a3 Rad8 17.Qe2 Nd4 18.Bxd4 Rxd4 19.Kh1 Rfd8 20.Ne3 Qe5 21.f4 Qc5 22.b4 Qc3
23.Rac1 Qd2 24.Rfe1 Qxe2 25.Rxe2 g6 26.Rd1 a5 27.bxa5 Bxa3 28.Rb1 Bb4 29.h3 Nh5
30.Nf1 f5 31.g3 R8d7 32.Ba4 Re7 33.Ra1 Kg7 34.Bb5 Rd5 35.a6 bxa6 36.Bxa6 Ra7
37.Rea2 Rc5 38.Be2 Rxa2 39.Rxa2 Nf6 40.Ra7+ Kf8 41.Ra8+ Ke7 42.Ra7+ Kd8 43.Rb7 Rc2
44.Ba6 Bc5 45.Rf7 Bd4 46.Bb5 Rb2 47.Ba4 Rb4 48.Bc6 Rb6 49.Ba4 e3 50.Bd1 Rb1
51.Nxe3 Bxe3 52.Rxf6 Rxd1+ 53.Kg2 Rd2+ 54.Kh1 Ke7 55.Rc6 Rd1+ 56.Kg2 Rc1
57.Ra6 Rc2+ 58.Kf3 Bc5 59.g4 Rc3+ 60.Kg2 Rc4 61.gxf5 gxf5 62.Rh6 Rxf4 63.Rxh7+ Ke6
64.h4 Ke5 65.Rh8 Rf2+ 66.Kg3 f4+  0-1

[Event "United Insurance 4th"]
[Site "Dhaka"]
[Date "1999.02.28"]
[Round "10"]
[White "Zagrebelny, Sergey"]
[Black "Kunte, Abhijit"]
[Result "1-0"]
[WhiteElo "2506"]
[BlackElo "2455"]

1.e4 c5 2.Nf3 e6 3.d4 cxd4 4.Nxd4 a6 5.Bd3 Nf6 6.O-O Qc7 7.Qe2 d6 8.c4 g6
9.Nc3 Bg7 10.Be3 O-O 11.Rac1 Nbd7 12.f4 Re8 13.Kh1 b6 14.b4 Bb7 15.Nb3 Rac8
16.Bg1 Bh6 17.Rc2 Nh5 18.Be3 e5 19.Nd5 Qd8 20.f5 Qh4 21.Bf2 Qd8 22.g3 Nhf6
23.fxg6 hxg6 24.Bxb6 Nxd5 25.Bxd8 Nxb4 26.Ba5 Nxd3 27.Qxd3 f5 28.Re2 Nf6
29.Qxd6 Rc6 30.Qb4 Ba8 31.Nd2 Bxd2 32.Qxd2 Rxc4 33.Kg1 Nxe4 34.Qh6 Kf7 35.Qh7+ Kf6
36.Rd1  1-0

[Event "ISL-chT9899"]
[Site "Reykjavik"]
[Date "1999.03.05"]
[Round "?"]
[White "Arnason, Jon L"]
[Black "Kristinsson, Jon"]
[Result "1-0"]
[WhiteElo "2529"]
[BlackElo "2335"]

1.e4 c5 2.Nf3 e6 3.d4 cxd4 4.Nxd4 a6 5.Bd3 Nc6 6.Nxc6 dxc6 7.f4 Nf6 8.Qf3 Be7
9.O-O e5 10.f5 O-O 11.a4 b6 12.Be3 Bb7 13.Nc3 c5 14.Bc4 Qc7 15.g4 h6 16.h4 b5
17.axb5 axb5 18.Bxb5 Qb6 19.Rxa8 Rxa8 20.g5 Nxe4 21.Nxe4 Qxb5 22.f6 Qc4 23.fxe7 Bxe4
24.Qg4 Qxc2 25.gxh6 g6 26.h7+ Kxh7 27.Rxf7+ Kg8 28.Rf1 Bf5 29.Qf3 e4 30.Qg3 Re8
31.Rxf5  1-0

[Event "BL2-W9899"]
[Site "Germany"]
[Date "1999.03.07"]
[Round "7.4"]
[White "Lau, Ralf"]
[Black "Kengis, Edvins"]
[Result "1/2-1/2"]
[WhiteElo "2453"]
[BlackElo "2571"]

1.e4 c5 2.Nf3 e6 3.d4 cxd4 4.Nxd4 a6 5.Bd3 Qb6 6.Nf3 Nc6 7.O-O d6 8.c4 Nf6
9.Nc3 Qc7 10.h3 Be7 11.Be3 O-O 12.Rc1 Bd7 13.g3 b6 14.b4 Rfc8 15.Qb3 Qb8
16.Rfd1 Be8 17.Rc2 Nd7 18.Be2 Nde5 19.Ne1 Ng6 20.Na4 Bd8 21.Rcd2 Bc7 22.Nc3 Nce7
23.Nc2 Bc6 24.Qb1 Bb7 25.Nd4 Nc6 26.Nb3 Nce5 27.a4 Ne7 28.a5 bxa5 29.Nxa5 N7c6
30.Nxc6 Bxc6  1/2-1/2

[Event "Bucharest TIT (Women)"]
[Site "Bucharest"]
[Date "1999.03.08"]
[Round "5"]
[White "Vasiesiu, Cristina"]
[Black "Marin Ionescu, Luiza"]
[Result "1-0"]
[WhiteElo "2180"]
[BlackElo "2165"]

1.e4 c5 2.Nf3 e6 3.d4 cxd4 4.Nxd4 a6 5.Bd3 Nf6 6.O-O Qc7 7.Qe2 d6 8.c4 g6
9.Nc3 Bg7 10.Nf3 Nc6 11.Bf4 Ne5 12.Rac1 b6 13.Rfd1 O-O 14.b3 Bb7 15.Bb1 Rac8
16.h3 Nfd7 17.Nd4 Qb8 18.Be3 Nc6 19.Nf3 Nce5 20.Nxe5 Bxe5 21.f4 Bg7 22.e5 dxe5
23.Rxd7 exf4 24.Bf2 Rcd8 25.Rxd8 Rxd8 26.Be4 Bxe4 27.Nxe4 f5 28.Ng5 e5 29.Ne6 Rd7
30.Nxg7 Rxg7 31.Qd3 e4 32.Qd5+ Kf8 33.Be1 a5 34.Bc3 Re7 35.Qd4 Qc7 36.Qh8+ Kf7
37.Qxh7+ Kf8 38.Qh8+ Kf7 39.Qh7+ Ke8 40.Qg8+  1-0

[Event "Victor Ciocaltea Memorial"]
[Site "Bucharest"]
[Date "1999.03.09"]
[Round "6"]
[White "Milu, Romeo Sorin"]
[Black "Iordachescu, Viorel"]
[Result "0-1"]
[WhiteElo "2395"]
[BlackElo "2539"]

1.e4 c5 2.Nf3 e6 3.d4 cxd4 4.Nxd4 a6 5.Bd3 g6 6.c4 Bg7 7.Be3 d5 8.exd5 exd5
9.O-O Nf6 10.h3 O-O 11.Nc3 Nbd7 12.cxd5 Nb6 13.Nf3 Nbxd5 14.Nxd5 Nxd5 15.Bg5 Qa5
16.Qb3 Be6 17.Bd2 Qb6 18.Bc4 Qxb3 19.Bxb3 Bxb2 20.Rab1 Bf6 21.Ng5 Bxg5 22.Bxg5 Nc3
23.Rb2 b5 24.Bxe6 fxe6 25.Re1 Rfe8 26.Rd2 Nd5 27.Rc2 a5 28.a3 Kf7 29.Rb2 Reb8
30.Bd2 b4 31.Reb1 bxa3 32.Rb7+ Rxb7 33.Rxb7+ Kf6 34.Rb3 a2 35.Ra3 a4 36.Rxa2 Ke5
37.Kf1 Kd4 38.Ra3 Kc5 39.Ke2 Nb6 40.Re3 a3 41.Rxe6 Nd5 42.Re5 Kd6  0-1

[Event "Budapest FS03 IM"]
[Site "Budapest"]
[Date "1999.03.10"]
[Round "5"]
[White "Gara, Anita"]
[Black "Kiss, Gedeon"]
[Result "1/2-1/2"]
[WhiteElo "2287"]
[BlackElo "2259"]

1.e4 c5 2.Nf3 e6 3.d4 cxd4 4.Nxd4 a6 5.Bd3 d5 6.exd5 Qxd5 7.O-O Nd7 8.Be3 Ngf6
9.c4 Qd6 10.Nc3 Be7 11.Rc1 O-O 12.Na4 b6 13.b4 Qxb4 14.Nc6 Qd6 15.Qf3 Rb8
16.Nxb8 Qxb8 17.Rb1 Bb7 18.Qh3 Nc5 19.Nxc5 bxc5 20.Bg5 h6 21.Bxf6 Bxf6 22.Be4 Bxe4
23.Rxb8 Rxb8 24.Qe3 Bb1 25.Qxc5 Bxa2 26.Qd6 Rb2 27.Qxa6 g6 28.c5 Bd5 29.Rd1 Rc2
30.Qb5 h5 31.g3 Kg7 32.h4 Bf3 33.Rb1 Bd5 34.Qb4 Rc4 35.Qa3 Rc3 36.Qa5 Rc2
37.Rd1 Bf3 38.Rf1 Bd5 39.Qb4 Rc4 40.Qa3 Rc3 41.Qb4  1/2-1/2

[Event "Bucharest TIT (Women)"]
[Site "Bucharest"]
[Date "1999.03.17"]
[Round "14"]
[White "Andreescu, Nicoleta Aurora"]
[Black "Marin Ionescu, Luiza"]
[Result "1-0"]
[WhiteElo "2118"]
[BlackElo "2165"]

1.e4 c5 2.Nf3 e6 3.d4 cxd4 4.Nxd4 a6 5.Bd3 Nf6 6.O-O Qc7 7.Qe2 d6 8.c4 g6
9.Nc3 Bg7 10.Rd1 O-O 11.Nf3 Nc6 12.Bf4 Ng4 13.c5 Nge5 14.cxd6 Qxd6 15.Bb5 Qc5
16.Bxc6 Nxf3+ 17.Qxf3 Qxc6 18.Rac1 f5 19.Rd6 Qc4 20.e5 Qb4 21.Rcd1 Rb8 22.a3 Qxb2
23.a4 b5 24.axb5 axb5 25.Rb1 Qa3 26.Rd3 Qa5 27.Qg3 b4 28.Nd1 Rb5 29.Ne3 Rc5
30.Rdb3 Ba6 31.h4 Bxe5 32.h5 Bxf4 33.Qxf4 Qc7 34.Qxb4 f4 35.Ng4 Rxh5 36.Qd4 e5
37.Qd5+ Kh8 38.Rb6 Bc8 39.Rb8 Rd8 40.Qa8 Kg7 41.Ra1 e4 42.Qxe4 Rhd5 43.Rxc8 Rxc8
44.Qxd5 Rd8 45.Qg5 Rf8 46.Qh6+ Kg8  1-0

[Event "Bled op"]
[Site "Bled"]
[Date "1999.03.23"]
[Round "4"]
[White "Bojkovic, Natasa"]
[Black "Pavasovic, Dusko"]
[Result "0-1"]
[WhiteElo "2424"]
[BlackElo "2502"]

1.e4 c5 2.Nf3 e6 3.d4 cxd4 4.Nxd4 a6 5.Bd3 Qb6 6.Nb3 Qc7 7.c4 Nf6 8.Nc3 Nc6
9.Be3 d6 10.Rc1 Nd7 11.O-O Be7 12.Nd5 exd5 13.cxd5 Nde5 14.Be2 O-O 15.Qd2 Re8
16.Rfd1 Bf8 17.dxc6 bxc6 18.Na5 Bd7 19.Bd4 c5 20.Bc3 Bb5 21.b3 Rab8 22.Bf1 Rbd8
23.a4 Bxf1 24.Rxf1 Nc6 25.Rfe1 Rb8 26.Rb1 Nxa5 27.Bxa5 Qc6 28.Qc2 Be7 29.Rbd1 Bf6
30.f3 h6 31.Bc3 Bxc3 32.Qxc3 Rb4 33.Qd3 Re6 34.Rc1 Qb6 35.Re3 d5 36.a5 Qa7
37.Kf1 d4 38.Re2 Qc7 39.Rec2 Rc6 40.Ra2 Qxh2 41.Kf2 Rg6 42.Rg1 Qg3+ 43.Ke2 Qb8
44.Rb2 c4 45.Qxd4 cxb3 46.Qd3 Rd6 47.Qc3 Qb5+ 48.Kf2 Rc6 49.Qd2 Qc5+ 50.Qe3 Qxa5  0-1

[Event "Bled op"]
[Site "Bled"]
[Date "1999.03.24"]
[Round "5"]
[White "Wilhelmi, Christian"]
[Black "Farago, Ivan"]
[Result "1/2-1/2"]
[WhiteElo "2446"]
[BlackElo "2533"]

1.e4 c5 2.Nf3 e6 3.d4 cxd4 4.Nxd4 a6 5.Bd3 Nf6 6.O-O Qc7 7.Qe2 d6 8.c4 g6
9.Nc3 Bg7 10.Rd1 O-O 11.Nf3 Nc6 12.Bf4 e5 13.Be3 Bg4 14.h3 Nd4 15.Bxd4 exd4
16.Nd5 Bxf3 17.Nxf6+ Bxf6 18.Qxf3 Bg7  1/2-1/2

[Event "IND-ch"]
[Site "Nagpur"]
[Date "1999.03.24"]
[Round "2"]
[White "Ramesh, RB."]
[Black "Prasad, Devaki V"]
[Result "1-0"]
[WhiteElo "2391"]
[BlackElo "2435"]

1.e4 c5 2.Nf3 e6 3.d4 cxd4 4.Nxd4 a6 5.Bd3 Nf6 6.O-O Qc7 7.Qe2 d6 8.c4 g6
9.Nc3 Bg7 10.Rd1 O-O 11.Nf3 Nc6 12.h3 Nd7 13.Bf4 Nde5 14.Rac1 b6 15.b3 Bb7
16.Bb1 Nxf3+ 17.Qxf3 Nd4 18.Qd3 f5 19.exf5 gxf5 20.Be3 Qc6 21.Nd5 exd5 22.Bxd4 dxc4
23.Qxc4+ Qxc4 24.Rxc4 Bxd4 25.Rcxd4 d5 26.Rf4 Rae8 27.Rxf5 Rxf5 28.Bxf5 Re2
29.a4 Kg7 30.Rc1 Re7 31.Bc8 Bxc8 32.Rxc8 Re1+ 33.Kh2 Rb1 34.Rd8 Rxb3 35.Rxd5 b5
36.Rd7+ Kg8 37.Ra7 bxa4 38.Rxa6 a3 39.f3 Kg7 40.Kg3 h6 41.Kh4 Rb2 42.g4 a2
43.f4 Rf2 44.Ra7+ Kf6 45.Kh5 Rxf4 46.Kxh6 Rf2 47.h4 Rg2 48.g5+ Kf5 49.Ra5+ Kg4
50.g6 Kxh4 51.g7  1-0

[Event "IND-ch"]
[Site "Nagpur"]
[Date "1999.03.25"]
[Round "3"]
[White "Prasad, Devaki V"]
[Black "Kunte, Abhijit"]
[Result "1/2-1/2"]
[WhiteElo "2435"]
[BlackElo "2455"]

1.e4 c5 2.Nf3 e6 3.d4 cxd4 4.Nxd4 a6 5.Bd3 Nf6 6.O-O Qc7 7.Qe2 d6 8.c4 Nbd7
9.Nc3 Ne5 10.Kh1 Be7 11.f4 Nxd3 12.Qxd3 O-O 13.Bd2 Nd7 14.Nf3 b6 15.Rac1 Bb7  1/2-1/2

[Event "Bled op"]
[Site "Bled"]
[Date "1999.03.26"]
[Round "7"]
[White "Drei, Andrea"]
[Black "Farago, Ivan"]
[Result "1-0"]
[WhiteElo "2349"]
[BlackElo "2533"]

1.e4 c5 2.Nf3 e6 3.d4 cxd4 4.Nxd4 a6 5.Bd3 Nf6 6.O-O Qc7 7.Qe2 d6 8.c4 Be7
9.b3 O-O 10.Bb2 Nbd7 11.Nc3 b6 12.Rad1 Bb7 13.Kh1 Rfe8 14.f4 Bf8 15.Bb1 Rac8
16.Rfe1 e5 17.fxe5 dxe5 18.Nf5 g6 19.Ng3 Bb4 20.Rf1 b5 21.Nd5 Bxd5 22.cxd5 Qd6
23.Bc1 h5 24.Qf3 Qf8 25.Bd3 Bd6 26.Ne2 Rc7 27.a4 Rb8 28.axb5 axb5 29.Bd2 Bb4
30.Rc1 Rxc1 31.Bxc1 Ne8 32.Bh6 Qe7 33.Bg5 f6 34.Be3 Ng7 35.Bf2 Bd2 36.g4 Kf7
37.gxh5 Nxh5 38.Qg4 Nf8 39.Ra1 Rb7 40.Ra6 Qd7 41.Qf3 Qc8 42.Bh4 Nh7 43.Rc6 Qd7
44.Kg2 Kg7 45.Qh3 Qxh3+ 46.Kxh3 Nf8 47.Kg4 Nd7 48.d6 Ba5 49.b4 Bd8 50.Rc8 f5+
51.exf5 Bxh4 52.Kxh4 Rb6 53.fxg6 Rxd6 54.Kxh5 Rxd3 55.Ng3 Rd2 56.Kg5  1-0

[Event "BL9899 (Women)"]
[Site "Germany"]
[Date "1999.03.28"]
[Round "11.1"]
[White "Dworakowska, Joanna"]
[Black "Mai, Iris"]
[Result "1-0"]
[WhiteElo "2390"]
[BlackElo "2140"]

1.e4 c5 2.Nf3 e6 3.d4 cxd4 4.Nxd4 a6 5.Bd3 Qc7 6.O-O Nc6 7.Nxc6 dxc6 8.f4 e5
9.Qf3 Nf6 10.f5 Bd7 11.a4 h6 12.Nd2 c5 13.Nc4 Bc6 14.a5 Bd6 15.b3 Qe7 16.Bb2 Bc7
17.Qg3 O-O-O 18.Bxe5 Nh5 19.Qh3 Bxe5 20.f6+ Qe6 21.Qxe6+ fxe6 22.Nxe5 gxf6
23.Nxc6 bxc6 24.Bxa6+ Kc7 25.Be2 Ng7 26.Rxf6 Rd7 27.Rd1 Re7 28.a6 Ne8 29.Rf3 Nd6
30.Bd3 e5 31.Rdf1 Kb6 32.Rf8 Rxf8 33.Rxf8 c4 34.bxc4 Kxa6 35.c5+ Nb5 36.Rf6 Kb7
37.Bxb5 cxb5 38.Rxh6 Kc7 39.Rb6 Rd7 40.Rxb5 Rd1+ 41.Kf2 Rd2+ 42.Kf3 Rxc2
43.h4 Kc6 44.Ra5 Rc1 45.Kg4 Rf1 46.g3 Rf8 47.h5 Rh8 48.h6 Rg8+ 49.Kh4  1-0

[Event "IND-ch"]
[Site "Nagpur"]
[Date "1999.03.29"]
[Round "7"]
[White "Thipsay, Praveen Mahadeo"]
[Black "Kunte, Abhijit"]
[Result "1-0"]
[WhiteElo "2467"]
[BlackElo "2455"]

1.e4 c5 2.Nf3 e6 3.d4 cxd4 4.Nxd4 a6 5.Bd3 Qb6 6.Nb3 Qc7 7.O-O Nc6 8.Nc3 b5
9.f4 d6 10.Kh1 Bb7 11.Qf3 Nf6 12.Bd2 Be7 13.Rae1 b4 14.Nd1 a5 15.Qg3 O-O
16.Nf2 a4 17.Nc1 e5 18.f5 Kh8 19.Ne2 Ba6 20.Qh3 h6 21.Ng3 Nh7 22.Nh5 Bg5
23.Bxg5 Nxg5 24.Qg3 f6 25.h4 Qf7 26.Qg4 Nh7 27.Rd1 Nd4 28.c3 bxc3 29.bxc3 Nb5
30.Bc4 Qe7 31.Rc1 Rac8 32.Qe2 Rc5 33.Ng4 Rfc8 34.Ne3 Rxc4 35.Nxc4 Qa7 36.Ne3  1-0

[Event "Mar del Plata op 30th"]
[Site "Mar del Plata"]
[Date "1999.03.31"]
[Round "5"]
[White "Pierrot, Facundo"]
[Black "Peralta, Fernando"]
[Result "1-0"]
[WhiteElo "2442"]
[BlackElo "2433"]

1.e4 c5 2.Nf3 e6 3.d4 cxd4 4.Nxd4 a6 5.Bd3 Qc7 6.O-O Nf6 7.Qe2 d6 8.c4 g6
9.Nc3 Bg7 10.Rd1 O-O 11.Nf3 Nc6 12.h3 b6 13.Be3 Nd7 14.Rac1 Nce5 15.Nxe5 dxe5
16.b4 Rb8 17.a3 f5 18.c5 bxc5 19.Na4 f4 20.Bxc5 f3 21.Qe3 Nxc5 22.Qxc5 Qd8
23.g3 Bh6 24.Rc3 Bb7 25.Qxe5 Bg7 26.Qxe6+ Kh8 27.Bc2 Qg5 28.Rc5 Qh6 29.h4 Rbe8
30.Qg4 Be5 31.Nb6 Qg7 32.Rd7 Rf7 33.Rxe5  1-0

[Event "IND-ch"]
[Site "Nagpur"]
[Date "1999.03.31"]
[Round "9"]
[White "Bakre, Tejas"]
[Black "Kunte, Abhijit"]
[Result "0-1"]
[WhiteElo "2333"]
[BlackElo "2455"]

1.e4 c5 2.Nf3 e6 3.d4 cxd4 4.Nxd4 a6 5.Bd3 Qc7 6.O-O Nf6 7.Qe2 d6 8.f4 Nc6
9.Nxc6 bxc6 10.c4 Be7 11.Nc3 e5 12.f5 Bb7 13.Bd2 h6 14.b4 O-O 15.Na4 d5 16.c5 Rad8
17.Bc3 dxe4 18.Bxe4 Nd5 19.Bxd5 Rxd5 20.Nb6 Bf6 21.Rfe1 Re8 22.Rad1 a5 23.a3 axb4
24.axb4 Re7 25.Qe4 Qd8 26.Qg4 Rd3 27.Nc4 Ba6 28.Nd6 Rxc3 29.Ne4 Rd3 30.Nxf6+ Kh8
31.Rxd3 Bxd3 32.Nh5 f6 33.Ng3 e4 34.Ne2 Bxe2 35.Qxe2 Qd4+ 36.Qe3 Qxb4 37.Rd1 Re5  0-1

[Event "Kraft Chess Cup"]
[Site "Skelleftea"]
[Date "1999.03.31"]
[Round "1.2"]
[White "Wedberg, Tom"]
[Black "Agrest, Evgenij"]
[Result "1-0"]
[WhiteElo "2493"]
[BlackElo "2533"]

1.e4 c5 2.Nf3 e6 3.d4 cxd4 4.Nxd4 a6 5.Bd3 Bc5 6.c3 d6 7.Qe2 Nd7 8.O-O Ngf6
9.a4 Ba7 10.Bc2 Nf8 11.Nd2 Qc7 12.Nc4 Ng6 13.Bg5 O-O 14.Bxf6 gxf6 15.Ne3 Qc5
16.Kh1 Kh8 17.f4 e5 18.fxe5 fxe5 19.Ndf5 Be6 20.Qh5 f6 21.Rf3 Qc7 22.Nd5 Qd7
23.Raf1 Nf4 24.Nxf4 Bxf5 25.Qxf5 Qxf5 26.exf5 exf4 27.Rxf4 Rfe8 28.Re4 Rxe4
29.Bxe4 a5 30.Bd5 Re8 31.Be6 Bc5 32.g3 Rb8 33.Rf4 b5 34.b4 Bb6 35.axb5 a4
36.Rc4 Be3 37.Rc6 Bd2 38.b6 a3 39.Kg2 Be3 40.Rxd6 Bxb6 41.Kf3 Kg7 42.Ke4 h5
43.Rd7+ Kh8 44.Rd2 Bc7 45.Ra2 Ra8 46.Kd5 Be5 47.Kc4 Kg7 48.Kb3 Kf8 49.Rxa3 Rxa3+
50.Kxa3 Bxc3 51.Bd5 Bd4 52.Bf3 Bg1 53.h3 Bf2 54.Bxh5 Bxg3 55.Ka4 Ke7 56.Kb5 Be1
57.Kc5 Kd7 58.Be2 Kc7 59.b5 Bf2+ 60.Kd5 Kb6 61.Ke4 Kc5 62.Kf3 Be1 63.Kg4 Bf2
64.h4 Be1 65.h5 Bd2 66.Kf3 Bh6 67.Ke4 Bg5 68.b6 Kc6 69.b7  1-0

[Event "BEL-chT9899"]
[Site "Antwerp"]
[Date "1999.03.??"]
[Round "9"]
[White "De Wit, Dick"]
[Black "Defize, Alain"]
[Result "1/2-1/2"]
[WhiteElo "2244"]
[BlackElo "2250"]

1.e4 c5 2.Nf3 e6 3.d4 cxd4 4.Nxd4 a6 5.Bd3 Bc5 6.Nb3 Ba7 7.Bf4 d6 8.N1d2 Nc6
9.O-O Nge7 10.c3 O-O 11.Qe2 e5 12.Be3 Bxe3 13.Qxe3 Be6 14.Rfd1 b5 15.Nf3 h6
16.Bc2 Qc7  1/2-1/2

[Event "BEL-chT9899"]
[Site "Antwerp"]
[Date "1999.03.??"]
[Round "9"]
[White "Lane, Gary W"]
[Black "Chuchelov, Vladimir"]
[Result "1/2-1/2"]
[WhiteElo "2411"]
[BlackElo "2534"]

1.e4 c5 2.Nf3 e6 3.d4 cxd4 4.Nxd4 a6 5.Bd3 Nf6 6.O-O Qc7 7.Qe2 d6 8.c4 g6
9.Nc3 Bg7 10.Nf3 O-O 11.Rd1 Nc6 12.h3 Nd7 13.Be3 b6 14.Rac1 Bb7 15.Bb1 Nc5
16.Qd2 Rad8 17.Bh6 Ne5 18.Bxg7 Nxf3+ 19.gxf3 Kxg7 20.b4 Nd7 21.Qxd6 Qxc4
22.Bd3 Qc8 23.Na4 Qb8 24.Qxb8 Rxb8 25.Be2 Rfc8 26.Rxc8 Bxc8 27.b5 a5 28.f4 Kf8
29.Rd6 Ke7 30.e5 Kd8 31.Bf3 Kc7 32.Rc6+ Kd8 33.Rd6 Kc7 34.Rc6+ Kd8 35.Rd6  1/2-1/2

[Event "Swidnica"]
[Site "Swidnica"]
[Date "1999.04.01"]
[Round "9"]
[White "Macieja, Bartlomiej"]
[Black "Pedzich, Dominik"]
[Result "1-0"]
[WhiteElo "2553"]
[BlackElo "2436"]

1.e4 c5 2.Nf3 e6 3.d4 cxd4 4.Nxd4 a6 5.Bd3 g6 6.f4 Bg7 7.c3 Nc6 8.Nf3 Nge7
9.O-O d5 10.e5 b5 11.Be3 O-O 12.Nbd2 Na5 13.b3 Bd7 14.Qe2 f6 15.exf6 Bxf6
16.Ne5 Nac6 17.Ndf3 Bg7 18.Rac1 Nxe5 19.Nxe5 Nc6 20.Nxc6 Bxc6 21.Bd4 Qd6
22.g3 Bd7 23.h4 Rac8 24.h5 Be8 25.Qg4 Bxd4+ 26.cxd4 Rxc1 27.Rxc1 Qb4 28.Qxe6+ Bf7
29.Qe3 Re8 30.Qf2 gxh5 31.Kg2 Qd6 32.Re1 Rc8 33.Qd2 h4 34.gxh4 Kh8 35.Re5 h6
36.f5 Qf6 37.Kh3 Rg8 38.Qf2 Rc8 39.Qd2 b4 40.Qxb4 Qg7 41.Qe1 Bh5 42.Kh2 Qg4
43.Re7 Qxd4 44.Qe5+ Qxe5+ 45.Rxe5 Bf7 46.Re7 Kg7 47.Kg2 a5 48.Kf2 a4 49.bxa4 Rc3
50.Ke3 Ra3 51.Ra7 Rxa2 52.Kd4 Ra1 53.a5 Rh1 54.Rb7  1-0

[Event "Neckar op 3rd"]
[Site "Deizisau"]
[Date "1999.04.02"]
[Round "2"]
[White "Marek, Stanislav"]
[Black "Chuchelov, Vladimir"]
[Result "0-1"]
[WhiteElo "2240"]
[BlackElo "2534"]

1.e4 c5 2.Nf3 e6 3.d4 cxd4 4.Nxd4 a6 5.Bd3 Nf6 6.O-O Qc7 7.Qe2 d6 8.c4 g6
9.Nc3 Bg7 10.Be3 O-O 11.Rac1 Nbd7 12.Rfd1 b6 13.b4 Bb7 14.Nb3 Rac8 15.f3 Ne5
16.Na4 Nfd7 17.Qf2 Rb8 18.Nxb6 Nxd3 19.Rxd3 Ne5 20.Rdd1 Bxe4 21.c5 Nd3 22.Rxd3 Bxd3
23.cxd6 Qxd6 24.Bc5 Qf4 25.Nd7 Rfd8 26.g3 Qc7 27.Nxb8 Qxb8 28.Be7 Rd5 29.Bc5 h5
30.Na5 Qb5 31.Qe3 Qa4 32.Nb3 Qxa2 33.Nd4 Qb2 34.Rd1 Bxd4  0-1

[Event "Neckar op 3rd"]
[Site "Deizisau"]
[Date "1999.04.03"]
[Round "5"]
[White "Van den Doel, Erik"]
[Black "Ivanov, Mir"]
[Result "1/2-1/2"]
[WhiteElo "2535"]
[BlackElo "2090"]

1.e4 c5 2.Nf3 e6 3.d4 cxd4 4.Nxd4 a6 5.Bd3 Nc6 6.Nxc6 dxc6 7.Nd2 e5 8.Qh5 Bd6
9.Nc4 Nf6 10.Nxd6+ Qxd6 11.Qe2 O-O 12.O-O Be6 13.b3 h6 14.a4 c5 15.Bb2 Nd7
16.Rfd1 Qc7 17.Bc4 Rfe8 18.Rd2 Nf6 19.Rad1 Bxc4 20.Qxc4 Re6 21.f3 b6 22.Kh1 Qe7
23.Ba3 a5 24.Bc1 Rc8 25.Rd3 Rcc6 26.Be3 Rcd6 27.Qc3  1/2-1/2

[Event "Mar del Plata op 30th"]
[Site "Mar del Plata"]
[Date "1999.04.03"]
[Round "8"]
[White "Alonso, Salvador"]
[Black "Giardelli, Sergio C"]
[Result "1-0"]
[WhiteElo "2339"]
[BlackElo "2437"]

1.e4 c5 2.Nf3 e6 3.d4 cxd4 4.Nxd4 a6 5.Bd3 Nf6 6.O-O d6 7.a4 Be7 8.Nc3 O-O
9.Be3 Nc6 10.f4 Qc7 11.Kh1 Nxd4 12.Bxd4 e5 13.Bg1 exf4 14.Rxf4 Be6 15.Nd5 Bxd5
16.exd5 Nd7 17.Qh5 g6 18.Qh6 Ne5 19.Bd4 Qd8 20.Rf5 f6 21.Bxe5 gxf5 22.Bxf5 Rf7
23.Bd4 Rg7 24.Rf1 Kh8 25.b4 Qc7 26.Bd3 Rf8 27.h3 Qd7 28.b5 axb5 29.axb5 Qd8
30.g4 Qa5 31.Qe3 Qb4 32.g5 Bd8 33.c4 Qb3 34.gxf6 Rgf7 35.Qh6 Re8 36.Bxh7  1-0